00444cam a2200169 a 4500001000800000005001700008008004100025010001700066020003100083040001800114041000800132080001300140082001700153100000700170101000800177245008900185195306120180227053141.0870923s1986 nyua 001 0 eng  a 87107679  a0064603075 (pbk.) :c$9.95 aDLCcDLCdDLC aeng a574 ROB00a574 ROB2191 a11 aBIO14aThe biology coloring book /cby Robert D. Griffin ; illustrations by Cinthea Vadala.